| 000 | 01076nam a22003257a 4500 | ||
|---|---|---|---|
| 001 | 664 | ||
| 005 | 20250807092703.0 | ||
| 020 | _a0618194576 (hc.) | ||
| 020 | _a1428702067 (BWI bdg.) | ||
| 020 | _a9780618194575 | ||
| 040 |
_aBKX _cBKX _dBAKER _dUWC _dIQU _dDLC _beng |
||
| 050 | 0 | 0 |
_aPZ7.W6367 _bFl 2006 |
| 082 | 0 | 0 |
_a[E] _222 |
| 100 | 1 | _aWiesner, David. | |
| 245 | 1 | 0 |
_aFlotsam / _cDavid Wiesner. |
| 260 |
_aNew York : _bClarion Books, _c2006. |
||
| 300 |
_a39 unnumbered pages : _bcolor illustrations ; _c24 x 30 cm. |
||
| 505 | _aA | ||
| 520 | _aWhen a young boy discovers a camera on the beach and develops the film, he finds with his microscope many layers of pictures within the photographs. | ||
| 521 |
_a1 BR _bLexile |
||
| 521 |
_aA
_bRaz-Plus |
||
| 650 | 0 |
_aCameras _vJuvenile fiction. |
|
| 650 | 0 |
_aBeaches _vJuvenile fiction. |
|
| 650 | 0 | _aStories without words. | |
| 650 | 1 |
_aCameras _vFiction. |
|
| 650 | 1 |
_aBeaches _vFiction. |
|
| 650 | 1 | _aStories without words. | |
| 906 |
_a7 _bcbc _ccopycat _d2 _encip _f20 _gy-gencatlg |
||
| 942 |
_2ddc _cBK _n0 |
||
| 999 |
_c664 _d664 |
||